Thuật công tâm

Sparad:
Bibliografiska uppgifter
Huvudupphovsman: Hoàng Thanh
Materialtyp: Bok
Språk:Undetermined
Publicerad: Hà Nội Thanh Niên 1998
Ämnen:
Taggar: Lägg till en tagg
Inga taggar, Lägg till första taggen!
Thư viện lưu trữ: Trung tâm Học liệu Trường Đại học Cần Thơ
LEADER 00495nam a2200193Ia 4500
001 CTU_35959
008 210402s9999 xx 000 0 und d
020 |b 19.000đ 
082 |a 158.1 
082 |b H407 
100 |a Hoàng Thanh 
245 0 |a Thuật công tâm 
245 0 |c Hoàng Thanh 
260 |a Hà Nội 
260 |b Thanh Niên 
260 |c 1998 
650 |a psychology, applied 
904 |i Minh, 000331 
980 |a Trung tâm Học liệu Trường Đại học Cần Thơ